STN EN 1645-1: 2014 (30 0271), Obytné vozidlá na voľný čas. Karavany Časť 1 Požiadavky na obytný priestor z hľadiska zdravia a bezpečnosti
Táto norma je slovenskou verziou európskej normy EN 1645-1: 2012. Preklad zabezpečil Úrad pre normalizáciu, metrológiu a skúšobníctvo Slovenskej republiky. Táto norma má rovnaké postavenie, ako majú oficiálne verzie
| Format: | Book |
|---|---|
| Language: | Slovak English |
| PhysicalDescription: | 48 s. obr., tab. 30 cm |
| Published: |
Bratislava
Úrad pre normalizáciu, metrológiu a skúšobníctvo Slovenskej republiky
2014
|
| Subjects: |
MARC
| LEADER | 00000cam a2200000 a 4500 | ||
|---|---|---|---|
| 001 | vtls010607762 | ||
| 003 | SK-MaSNL | ||
| 005 | 20260302021215.0 | ||
| 008 | 160429s2014 xo a f u 000 0 slo | ||
| 015 | |a SNBN2014 | ||
| 020 | |c (cen. skup. 6) | ||
| 040 | |a SNK |b slo |c SNK |e AACR2 | ||
| 041 | 1 | |a slo |h eng | |
| 044 | |a xo |c SK | ||
| 046 | |a s |m 201407 (účin.) | ||
| 072 | 7 | |a 629 |x Dopravné prostriedky |2 konspekt | |
| 072 | 7 | |a 614 |x Verejné zdravie a hygiena |2 konspekt | |
| 072 | 7 | |a 331 |x Práca |2 konspekt | |
| 080 | |a 629.33 |2 2001 | ||
| 080 | |a 006.7/.8 |2 2001 | ||
| 080 | |a (437.6) |2 2001 | ||
| 080 | |a (4) |2 2001 | ||
| 080 | |a 331.45:629.334 |2 001 | ||
| 080 | |a (083) |2 2001 | ||
| 080 | |a 629.334 |2 2001 | ||
| 080 | |a 614:629.334 |2 2001 | ||
| 084 | |a 43.100 |2 ICS | ||
| 130 | 0 | |a STN 30 0271 (STN EN 1645-1) |9 665188 | |
| 245 | 1 | 0 | |a STN EN 1645-1: 2014 (30 0271), Obytné vozidlá na voľný čas. Karavany |n Časť 1 |p Požiadavky na obytný priestor z hľadiska zdravia a bezpečnosti |
| 246 | 1 | 0 | |a Obytné vozidlá na voľný čas |
| 246 | 1 | 0 | |a Karavany |
| 246 | 1 | 0 | |a Požiadavky na obytný priestor z hľadiska zdravia a bezpečnosti |
| 246 | 3 | 0 | |a EN 1645-1: 2012 E |
| 260 | |a Bratislava |b Úrad pre normalizáciu, metrológiu a skúšobníctvo Slovenskej republiky |c 2014 | ||
| 300 | |a 48 s. |b obr., tab. |c 30 cm | ||
| 500 | |a Súbežný názov v angličtine, francúzštine, nemčine | ||
| 500 | |a Spracovateľ: Úrad pre normalizáciu, metrológiu a skúšobníctvo Slovenskej republiky Bratislava | ||
| 500 | |a Táto norma nahrádza anglickú verzu STN EN 1645-1 z decembra 2012, ktorá od 1.12.2012 nahradila STN EN 1645-1+A1 z novembra 2008 v celom rozsahu | ||
| 504 | |a Citované normy, súvisiace právne predpisy s. 2 ; literatúra s.48 | ||
| 520 | 8 | |a Táto norma je slovenskou verziou európskej normy EN 1645-1: 2012. Preklad zabezpečil Úrad pre normalizáciu, metrológiu a skúšobníctvo Slovenskej republiky. Táto norma má rovnaké postavenie, ako majú oficiálne verzie | |
| 540 | |a STN vydané na akomkoľvek nosiči sa môžu rozmnožovať a rozširovať iba so súhlasom určenej právnickej osoby |b SÚTN Bratislava |c zákon 264/1999 Z. z. | ||
| 650 | 0 | 7 | |a automobily |2 SNKPH |9 18879 |
| 650 | 0 | 7 | |a technické normy a štandardy |z Slovensko |2 SNKPH |9 79594 |
| 650 | 0 | 7 | |a technické normy a štandardy |z krajiny Európskej únie |2 SNKPH |9 289341 |
| 650 | 0 | 7 | |a Automobiles |2 SNKPHeng |9 265520 |
| 650 | 0 | 7 | |a Caravans |2 SNKPHeng |9 156287 |
| 650 | 0 | 7 | |a karavany |2 SNKPH |9 115013 |
| 650 | 0 | 7 | |a interiéry |x zdravotné aspekty |2 SNKPH |9 439618 |
| 650 | 0 | 7 | |a interiéry |x bezpečnostné aspekty |2 SNKPH |9 439619 |
| 650 | 0 | 7 | |a Interiors |x health aspects |2 SNKPHeng |9 439620 |
| 650 | 0 | 7 | |a Interiors |x safety aspects |2 SNKPHeng |9 439621 |
| 655 | 7 | |a normy |2 SNKPH |9 70643 | |
| 710 | 1 | |a Slovensko. |b Úrad pre normalizáciu, metrológiu a skúšobníctvo. |b Slovenský ústav technickej normalizácie |4 stn |9 158115 | |
| 710 | 2 | |a Slovenský ústav technickej normalizácie (Bratislava, Slovensko). |b Technická komisia č. 33 Cestné vozidlá |4 stn |9 313883 | |
| 852 | |a Štátna vedecká knižnica v Banskej Bystrici | ||
| 958 | |a OP | ||
| 958 | |a NB | ||
| 999 | |c 1027921 |d 1029851 | ||
| 952 | |a SNK |b SNK |y PREZ |7 0 |p 17A1114578 |o snkSTN EN 1645-1 |i snk2014/16754 |8 0 |0 0 |1 0 |4 0 |d 2014-08-07 |l 0 |r 2026-02-24 13:45:03 |w 2026-02-24 | ||
| 952 | |a SNK |b SNK |y PREZ |7 0 |p 17A1114577 |o snkSTN EN 1645-1 D1 |i snk2014/16755 |8 0 |0 0 |1 0 |4 0 |d 2014-08-07 |l 0 |r 2026-02-24 13:45:03 |w 2026-02-24 | ||


